| 000 -LEADER |
| fixed length control field |
01204pab a2200157 454500 |
| 008 - FIXED-LENGTH DATA ELEMENTS--GENERAL INFORMATION |
| fixed length control field |
180718b1995 xxu||||| |||| 00| 0 eng d |
| 100 ## - MAIN ENTRY--PERSONAL NAME |
| Personal name |
Desai, Uday |
| 245 ## - TITLE STATEMENT |
| Title |
Correlates of selection in the Presidential management internship program |
| 260 ## - PUBLICATION, DISTRIBUTION, ETC. |
| Date of publication, distribution, etc. |
1995 |
| 300 ## - PHYSICAL DESCRIPTION |
| Extent |
p.373-91 |
| 362 ## - DATES OF PUBLICATION AND/OR SEQUENTIAL DESIGNATION |
| Dates of publication and/or sequential designation |
Dec |
| 520 ## - SUMMARY, ETC. |
| Summary, etc. |
The Presidential Management Internship Program (PMIP) was established in an effort to attract young individuals to the federal service. Since its creation, few studies have examined the characteristics of the interns selected for the program. This study investigates not only the intern characteristics but also the institutions that nominated them. Two findings are of particular interest. First, because few minorities are nominated for PMIP, the Office of Personnel Management (OPM) should continue to take measures to attract minorities to the PMI program. Second, the study found that a few programs/schools dominate the PMI program. This therefore suggests that OPM should continue to reach out to graduate programs that do not have a history of involvement with PMIP. - Reproduced |
| 650 ## - SUBJECT ADDED ENTRY--TOPICAL TERM |
| Topical term or geographic name entry element |
Civil service |
| 773 ## - HOST ITEM ENTRY |
| Main entry heading |
American Review of Public Administration |
| 909 ## - |
| -- |
36754 |